LEADER 01289nam0-22003611i-450- 001 990006993820403321 005 20110620195718.0 010 $a88-14-08006-2 035 $a000699382 035 $aFED01000699382 035 $a(Aleph)000699382FED01 035 $a000699382 100 $a20110620d2000----km-y0itay50------ba 101 0 $aita 102 $aIT 105 $ay---n---001yy 200 1 $aCodice dell'Unione europea$eil Trattato di Amsterdam$eil trattato istitutivo della Comunità Europea come modificato dai Trattati di Maastricht e di Amsterdam, annotato con la giurisprudenza della Corte di Giustizia e del Tribunale I grado$ei documenti rilevanti$fLuigi Ferrari Bravo, Vincenzo Rizzo 205 $a2. ed.$fcurata da Francesco M. Di Majo, Luigi Ferrari Bravo, Alfredo Rizzo 210 $aMilano$cGiuffrè$dc2000 215 $aXIII, 1381 p.$d24 cm 676 $a341.242 202 6$v20$zita 702 1$aFerrari Bravo,$bLuigi 702 1$aRizzo,$bVincenzo$f<1940- > 710 02$aUnione europea$0361259 801 0$aIT$bUNINA$gRICA$2UNIMARC 901 $aBK 912 $a990006993820403321 952 $aX Q 493$b41206*$fFGBC 952 $aXXI A 49$b4175$fDDCIC 959 $aFGBC 959 $aDDCIC 996 $aCodice dell'Unione europea$9191770 997 $aUNINA LEADER 01309nam--2200385---450- 001 990001915440203316 005 20050302143118.0 035 $a000191544 035 $aUSA01000191544 035 $a(ALEPH)000191544USA01 035 $a000191544 100 $a20040806d1984----km-y0itay0103----ba 101 0 $aita 102 $aIT 105 $aa|||||||001yy 200 1 $aSviluppo industriale, occupazione e squilibrio Nord-Sud in Italia$eil ruolo delle regioni intermedie (1951-1981)$fGilberto Seravalli 210 $aMilano$cF. Angeli$d1984 215 $a315 p.$cill.$d22 cm 225 2 $aQuaderni di economia del lavoro$v25 410 0$12001$aQuaderni di economia del lavoro$v25 454 1$12001 461 1$1001-------$12001 606 0 $aOccupazione e disoccupazione$yItalia meridionale$z1951-1981 607 $aItalia meridionale$xSviluppo economico$z1951-1981 676 $a330.945 700 1$aSERAVALLI,$bGilberto$081894 801 0$aIT$bsalbc$gISBD 912 $a990001915440203316 951 $aIII.1. 1019(I C coll 36/25)$b9479 L.M.$cI C coll 959 $aBK 969 $aUMA 979 $aSIAV5$b10$c20040806$lUSA01$h1755 979 $aCOPAT2$b90$c20050302$lUSA01$h1431 996 $aSviluppo industriale, occupazione e squilibrio nord-sud in Italia$943910 997 $aUNISA